Lectures on celestial mechanics / (Record no. 4230)

MARC details
000 -LEADER
fixed length control field 01143nac a22003131i 4500
003 - CONTROL NUMBER IDENTIFIER
control field EG-ScBUE
005 - DATE AND TIME OF LATEST TRANSACTION
control field 20250114103813.0
008 - FIXED-LENGTH DATA ELEMENTS--GENERAL INFORMATION
fixed length control field 250114t1995 gw f b 001 0 eng d
020 ## - INTERNATIONAL STANDARD BOOK NUMBER
International Standard Book Number 3540586563 (acid-free)
020 ## - INTERNATIONAL STANDARD BOOK NUMBER
International Standard Book Number 9783540586562
040 ## - CATALOGING SOURCE
Original cataloging agency EG-ScBUE
Language of cataloging eng
Description conventions rda
Transcribing agency EG-ScBUE
Modifying agency EG-ScBUE
082 04 - DEWEY DECIMAL CLASSIFICATION NUMBER
Classification number 521
Item number SIE
Edition number 22
100 1# - MAIN ENTRY--PERSONAL NAME
Personal name Siegel, Carl Ludwig,
Relator term author.
245 10 - TITLE STATEMENT
Title Lectures on celestial mechanics /
Statement of responsibility, etc C.L. Siegel, J. K. Moser. ; translation by C. I. Kalme.
264 #1 - PUBLICATION, DISTRIBUTION, ETC. (IMPRINT)
Place of publication, distribution, etc Berlin :
Name of publisher, distributor, etc Springer,
Date of publication, distribution, etc [1995]
264 #4 - PUBLICATION, DISTRIBUTION, ETC. (IMPRINT)
Date of publication, distribution, etc c1995
300 ## - PHYSICAL DESCRIPTION
Extent xii, 290 pages ;
Dimensions 24 cm.
336 ## - CONTENT TYPE
Source rdacontent
Content type term text
Content type code txt
337 ## - MEDIA TYPE
Media type term unmediated
Source rdamedia
Media type code n
338 ## - CARRIER TYPE
Carrier type term volume
Carrier type code nc
Source rdacarrier
490 0# - SERIES STATEMENT
Series statement Classics in mathematics
500 ## - GENERAL NOTE
General note Originally published (in English): Berlin ; New York : Springer-Verlag, 1971. (Grundlehren der mathematischen Wissenschaften ; vol. 187).
504 ## - BIBLIOGRAPHY, ETC. NOTE
Bibliography, etc Includes bibliographical references and index.
650 #7 - SUBJECT ADDED ENTRY--TOPICAL TERM
Topical term or geographic name as entry element Celestial mechanics.
Source of heading or term BUEsh
655 ## - INDEX TERM--GENRE/FORM
Form subdivision Reading book
700 1# - ADDED ENTRY--PERSONAL NAME
Personal name Moser, JuÌ(rgen,
Dates associated with a name 1928-
Relator term author.
700 1# - ADDED ENTRY--PERSONAL NAME
Personal name Kalme, Charles I.,
Relator term author.
942 ## - ADDED ENTRY ELEMENTS (KOHA)
Koha item type Book - Borrowing
Source of classification or shelving scheme Dewey Decimal Classification
Holdings
Withdrawn status Lost status Damaged status Not for loan Home library Current library Shelving location Date acquired Source of acquisition Total Checkouts Full call number Barcode Date last seen Price effective from Koha item type
        Central Library Central Library First floor 30/08/2007 Purchase   521 SIE 000000299 15/07/2025 30/08/2007 Book - Borrowing